Applying use case driven object modeling with UML -(EBOOK) (Record no. 191088)
[ view plain ]
| 000 -LEADER | |
|---|---|
| fixed length control field | 00869 a2200253 4500 |
| 003 - CONTROL NUMBER IDENTIFIER | |
| control field | Nust |
| 005 - DATE AND TIME OF LATEST TRANSACTION | |
| control field | 20170207154008.0 |
| 010 ## - LIBRARY OF CONGRESS CONTROL NUMBER | |
| LC control number | 2001034319 |
| 020 ## - INTERNATIONAL STANDARD BOOK NUMBER | |
| International Standard Book Number | 0201730391 |
| 040 ## - CATALOGING SOURCE | |
| Transcribing agency | Nust |
| 082 00 - DEWEY DECIMAL CLASSIFICATION NUMBER | |
| Classification number | 005.1/17 |
| 100 1# - MAIN ENTRY--PERSONAL NAME | |
| Personal name | Rosenberg, Doug. |
| 245 10 - TITLE STATEMENT | |
| Title | Applying use case driven object modeling with UML -(EBOOK) |
| Remainder of title | an anotated e-commerce example / |
| Statement of responsibility, etc. | Doug Rosenberg and Kendall Scott. |
| 260 ## - PUBLICATION, DISTRIBUTION, ETC. | |
| Place of publication, distribution, etc. | Boston : |
| Name of publisher, distributor, etc. | Addison-Wesley, |
| Date of publication, distribution, etc. | c2001. |
| 300 ## - PHYSICAL DESCRIPTION | |
| Extent | xiv, 153 p. : |
| Other physical details | ill. (some col.) ; |
| Dimensions | 26 cm. |
| 440 #0 - SERIES STATEMENT/ADDED ENTRY--TITLE | |
| Title | Addison-Wesley object technology series |
| 505 ## - FORMATTED CONTENTS NOTE | |
| Formatted contents note | Part I: The UML -F profile (Page-7) Part II: UML-F @ work (Page-196) |
| 650 #0 - SUBJECT ADDED ENTRY--TOPICAL TERM | |
| Topical term or geographic name entry element | Electronic commerce. |
| 650 #0 - SUBJECT ADDED ENTRY--TOPICAL TERM | |
| Topical term or geographic name entry element | Object-oriented methods (Computer science) |
| 650 #0 - SUBJECT ADDED ENTRY--TOPICAL TERM | |
| Topical term or geographic name entry element | UML (Computer science) |
| 650 #0 - SUBJECT ADDED ENTRY--TOPICAL TERM | |
| Topical term or geographic name entry element | Use cases (Systems engineering) |
| 651 ## - SUBJECT ADDED ENTRY--GEOGRAPHIC NAME | |
| Geographic name | EBOOK |
| 700 1# - ADDED ENTRY--PERSONAL NAME | |
| Personal name | Scott, Kendall, |
| Dates associated with a name | 1960- |
| 942 ## - ADDED ENTRY ELEMENTS (KOHA) | |
| Source of classification or shelving scheme | |
| Koha item type | Book |
| Withdrawn status | Lost status | Source of classification or shelving scheme | Damaged status | Not for loan | Collection code | Permanent Location | Current Location | Date acquired | Total Checkouts | Full call number | Barcode | Date last seen | Price effective from | Koha item type |
|---|---|---|---|---|---|---|---|---|---|---|---|---|---|---|
| Military College of Signals (MCS) | Military College of Signals (MCS) | 12/12/2016 | 005.1/17 SCO | MCSEB-503 | 12/08/2016 | 12/12/2016 | Book | |||||||
| Military College of Signals (MCS) | Military College of Signals (MCS) | 12/12/2016 | 005.1/17 SCO | MCSEB-504 | 12/08/2016 | 12/12/2016 | Book |
